Music Quiz

Random Music Quiz

Music 115 Quiz 1 Stats

 Plays Quiz not verified by Sporcle

Support Sporcle.
Go Orange.
Score 0/45 Timer 15:00
0 Plays Today
Genre Title % Correct
Swing/Big-BandIn the Mood
84.6%
Pop Movie Song/Tin Pan AlleyOver the Rainbow
69.2%
Swing/Big-BandSing, Sing, Sing
53.8%
Swing/Big-BandSing, Sing, Sing
53.8%
Pop CroonerWhite Christmas
53.8%
GospelO Happy Day
53.8%
R&BShake, Rattle, and Roll
53.8%
R&BShake, Rattle, and Roll
53.8%
Rock and RollHound Dog
53.8%
R&BHound Dog
53.8%
RagtimeMaple Leaf Rag
46.2%
Musical TheaterOh What a Beautiful Morning
46.2%
R&B/Doo-WopCrying in the Chapel
46.2%
Rock and RollPeggy Sue
46.2%
Rock and RollJohnny B. Goode
46.2%
Teen Idol Rock and RollTutti Frutti
46.2%
Pop-Rock and RollLabamba
46.2%
Rock and RollGreat Balls of Fire
46.2%
R&BTutti Frutti
46.2%
Dixieland JazzWest End Blues
38.5%
Pop CroonerCheek to Cheek
38.5%
Pop-RockI Can't Help Falling in Love
38.5%
Pop-Rock and RollLet's Twist Again
38.5%
Genre Title % Correct
Pop Crooner/Teen IdolI've Got a Crush on You
30.8%
Tin Pan AlleyI'm Sittin' on Top of the World
30.8%
Country BluesCross Road Blues
30.8%
Classic BluesSobbin' Hearted Blues
30.8%
Texas Country BluesMatchbox Blues
30.8%
R&B/Doo-WopSh-Boom
30.8%
R&BBlueberry Hill
30.8%
Urban Texas BluesStormy Monday Blues
23.1%
GospelHow I Got Over
23.1%
R&BBo Diddley
23.1%
Rock and RollSummertime
23.1%
Girl-GroupWill You Love Me Tomorrow?
23.1%
R&BThere Goes My Baby
15.4%
Jump Band/R&BRocket 88
15.4%
Country/WesternIf I Ever Get Out of this World Alive
15.4%
RockabillyThat's All Right Mama
15.4%
Urban BluesThree O'Clock Blues
7.7%
Chicago BluesHoochie Coochie Man
7.7%
GospelGospel Train
7.7%
Country/HillbillyBlue Yodel #11
7.7%
Jump BluesChoo Choo Ch' Boogie
0%
Western SwingSteel Guitar Rag
0%

You're not logged in!

Compare scores with friends on all Sporcle quizzes.
OR
Log In

From the Vault

Define The -ER Words

by JoeBeta

Somehow, Sporcler is not yet in the dictionary.
Remove Ads.
Support Sporcle.
Get the best of Sporcle when you Go Orange. This ad-free experience offers more features, more stats, and more fun while also helping to support Sporcle. Thank you for becoming a member.

Show Comments

Extras

Created Mar 4, 2011ReportNominate

Top Quizzes Today


Score Distribution

Your Account Isn't Verified!

In order to create a playlist on Sporcle, you need to verify the email address you used during registration. Go to your Sporcle Settings to finish the process.

Report this User

Report this user for behavior that violates our Community Guidelines.

Details: